Central Library OPAC University of Rajshahi

The family and democratic society / (Record no. 7455)

MARC details
000 -LEADER
fixed length control field 01155nam a2200277 a 4500
001 - CONTROL NUMBER
control field 7455
003 - CONTROL NUMBER IDENTIFIER
rucl marc code BD-RjUL
005 - DATE AND TIME OF LATEST TRANSACTION
control field 20211208234421.0
008 - FIXED-LENGTH DATA ELEMENTS--GENERAL INFORMATION
fixed length control field 14 t19481948enk 001 0 eng u
035 ## - SYSTEM CONTROL NUMBER
System control number (BD-RjUL)7498
040 ## - CATALOGING SOURCE
Original cataloging agency FTU
Modifying agency EQO
-- BD-RjUL
Language of cataloging eng
Transcribing agency BD-RjUL
041 ## - LANGUAGE CODE
Language code of text/sound track or separate title eng
082 04 - DEWEY DECIMAL CLASSIFICATION NUMBER
Edition number 16
Classification number 306.8
Author mark and year FOF 1948
090 ## - LOCALLY ASSIGNED LC-TYPE CALL NUMBER (OCLC); LOCAL CALL NUMBER (OCLC)
Classification number (OCLC) (R) ; Classification number, CALL (RLIN) (NR) HQ728
Local cutter number (OCLC) ; Book number/undivided call number, CALL (RLIN) .F56 1949
100 1# - MAIN ENTRY--PERSONAL NAME
Personal name Folsom, Joseph K.
Fuller form of name (Joseph Kirk),
Dates associated with a name 1893-1960.
9 (RLIN) 23289
245 14 - TITLE STATEMENT
Title The family and democratic society /
Statement of responsibility, etc. Joseph Kirk Folsom ; with chapters in collaboration with Marion Bassett.
260 ## - PUBLICATION, DISTRIBUTION, ETC. (IMPRINT)
Place of publication, distribution, etc. London :
Name of publisher, distributor, etc. Routledge & Kegan Paul,
Date of publication, distribution, etc. 1949.
300 ## - PHYSICAL DESCRIPTION
Pagination xi, 755 p. :
Illustrations ill ;
Size 24 cm.
500 ## - GENERAL NOTE
General note "First intended to be a revision of my The family; its sociology and social psychiatry, published ... in 1934 ... the present volume emerges essentially as a new treatise, with liberal quotations from its predecessor."--Pref.
650 #0 - SUBJECT ADDED ENTRY--TOPICAL TERM
Topical term or geographic name as entry element Families.
9 (RLIN) 23290
Topical term or geographic name as entry element Marriage.
9 (RLIN) 23291
Topical term or geographic name as entry element Social history.
9 (RLIN) 16899
700 1# - ADDED ENTRY--PERSONAL NAME
Personal name Bassett, Marion.
830 #0 - SERIES ADDED ENTRY--UNIFORM TITLE
Uniform title International library of sociology and social reconstruction (Routledge & Kegan Paul)
942 ## - ADDED ENTRY ELEMENTS (KOHA)
Source of classification or shelving scheme Dewey Decimal Classification
Koha item type Books
Holdings
Lost status Source of classification or shelving scheme Damaged status Not for loan Collection code Permanent Location Current Location Shelving location Date acquired Source of acquisition Cost, normal purchase price Total Checkouts Full call number Date last seen Copy number Koha item type
  Dewey Decimal Classification     Non-fiction Central Library, University of Rajshahi Central Library, University of Rajshahi   03/02/1955 U.B. Rajshahi 30.00   306.8 FOF 1948 15/01/2014 C-2 Books
  Dewey Decimal Classification   Not For Loan Non-fiction Central Library, University of Rajshahi Central Library, University of Rajshahi Reading Room 12/09/1955 B.H. black Well 105.00   306.8 FOF 1948 03/01/2017 C-1 Books